MAASAI MARA UNIVERSITY

LIBRARY CATALOGUE

Contact Us: +254 020 2685356/7 or 0774 057787

Box: 861-20500, NAROK, KENYA

Email: info@mmarau.ac.ke

Rolls Dr Geoff (Record no. 3093)

MARC details
000 -LEADER
fixed length control field 00421nam a2200133Ia 4500
008 - FIXED-LENGTH DATA ELEMENTS--GENERAL INFORMATION
fixed length control field 151015s9999 xx 000 0 und d
020 ## - INTERNATIONAL STANDARD BOOK NUMBER
International Standard Book Number 9.7814441049e+012
050 ## - LIBRARY OF CONGRESS CALL NUMBER
Classification number RC 435.2 .R65 2010
245 ## - TITLE STATEMENT
Title Rolls Dr Geoff
250 ## - EDITION STATEMENT
Edition statement _Psychology Classic Case Studies in Psychology Dr Geoff Rolls
300 ## - PHYSICAL DESCRIPTION
Extent London Hodder Education 2010
650 ## - SUBJECT ADDED ENTRY--TOPICAL TERM
Topical term or geographic name as entry element _Case Studies in Psychology
700 ## - ADDED ENTRY--PERSONAL NAME
Personal name ^d20120112 03:41:45^okorir

No items available.

© 2016 Maasai Mara University.